|
|
|
|
| LEADER |
00000nab a2200000 a 4500 |
| 001 |
vtls000031830 |
| 003 |
SK-MaSNL |
| 005 |
20260304072939.0 |
| 008 |
250423c1978 xo 0 slo |
| 015 |
|
|
|a SNBRB19rr/mm-uuuuu
|
| 035 |
|
|
|a CL0041924
|
| 035 |
|
|
|a urn:nbn:sk:snk-ab7isp
|
| 035 |
|
|
|a (urnnbn)urn:nbn:sk:snk:ar-005xeo
|
| 035 |
|
|
|a (uuid)83e75c4c-be99-4763-9138-7dd9af829216
|
| 040 |
|
|
|a SNKBUCL
|b slo
|c SNKBUCL
|e AACR2
|
| 041 |
0 |
|
|a eng
|
| 044 |
|
|
|a xo
|c SK
|
| 080 |
|
|
|a 547
|2 1981
|
| 245 |
0 |
4 |
|a The synthesis of prostaglandis
|b by A. Mitra ...
|
| 650 |
0 |
7 |
|a prostaglandíny
|2 snkbucl
|9 19979
|
| 650 |
0 |
7 |
|a deriváty prostaglandínov
|2 snkbucl
|9 1361266
|
| 650 |
0 |
7 |
|a tromboxány
|2 snkbucl
|9 1347461
|
| 650 |
0 |
7 |
|a monografie
|2 snkbucl
|9 256509
|
| 655 |
|
7 |
|a recenzie
|2 snkbucl
|9 21907
|
| 655 |
|
7 |
|a články z novín a časopisov
|2 snkbucl
|9 267496
|
| 773 |
0 |
|
|t Chemické zvesti
|g Roč. 32, č. 3 (1978), s. 427
|
| 787 |
0 |
8 |
|i Rec.:
|a Mitra, A.
|t The Synthesis of Prostaglandins
|d New York, London : J. Wiley and Sons, 1977
|
| 850 |
|
|
|a Slovenská národná knižnica
|
| 852 |
|
|
|a Slovenská národná knižnica
|
| 958 |
|
|
|a article7
|
| 958 |
|
|
|a OND
|
| 958 |
|
|
|a RK
|
| 958 |
|
|
|a EUIPO
|
| 992 |
|
|
|a RBX
|
| 999 |
|
|
|c 2768701
|d 2770631
|